Normal view
MARC view
- Spiritual life. Devotional literature.
Entry Topical Term
001 - CONTROL NUMBER
- control field: 86274
003 - CONTROL NUMBER IDENTIFIER
- control field: OSt
005 - DATE AND TIME OF LATEST TRANSACTION
- control field: 20250430142138.0
008 - FIXED-LENGTH DATA ELEMENTS
- fixed length control field: 250430|| aca||aabn | a|a d
040 ## - CATALOGING SOURCE
- Original cataloging agency: OSt
- Transcribing agency: OSt
150 ## - HEADING--TOPICAL TERM
- Topical term or geographic name as entry element: Spiritual life. Devotional literature.
- General subdivision: Christianity
670 ## - SOURCE DATA FOUND
- Source citation: Work cat.: (OSt)48884: Bonhoeffer, Dietrich, 1906-1945., 40-day journey with Dietrich Bonhoeffer /, c2007.